• 首页
  • 本馆介绍
  • 公告通知
  • 最新文献
  • 馆藏检索
  • 电子资源
  • 读者导购
  • 参考咨询
  • 我的图书馆
  • 登录
  • 详细信息显示
  • 放入我的书架
  • 预约/预借图书
  • 作者相关作品
  • 分类相关作品
  • 丛书相关作品
  • 出版社相关作品

书目信息

  • 表格格式
  • 工作单格式
  • 卡片格式
题名:
经济刑法实务精析
    
 
作者: 郭伟清 , 杜文俊 主编
分册:  
出版信息: 上海   上海社会科学院出版社  2014.10
页数: 10,315页
开本: 21cm
丛书名: 当代经济刑法研究丛书
单 册:
中图分类: D924.335
科图分类:
主题词: 经济--Jing Ji--刑事犯罪--案例--中国 , 刑事犯罪--Xing Shi Fan Zui , 案例--An Li , 中国--Zhong Guo
电子资源:
ISBN: 978-7-5520-0638-4
000 01157nam0 22003011 450
001 349870
005 20161009082447.87
010    @a978-7-5520-0638-4@dCNY28.00
100    @a20141203d2014 em y0chiy50 ea
101 0  @achi
102    @aCN@b310000
105    @ay z 000yy
106    @ar
200 1  @a经济刑法实务精析@AJing Ji Xing Fa Shi Wu Jing Xi@f郭伟清,杜文俊主编
210    @a上海@c上海社会科学院出版社@d2014.10
215    @a10,315页@d21cm
225 2  @a当代经济刑法研究丛书@ADang Dai Jing Ji Xing Fa Yan Jiu Cong Shu
330    @a本书汇集39个案例,分为破坏社会主义市场经济秩序罪、侵犯财产罪、贪污贿赂罪。本书对书中案例里存在诸多争议的案件,从法理、构成要件和立法精神等视角具体深入剖析,对丰富经济刑法理论、方法以及指导司法实践具有一定借鉴作用。
461  0 @12001 @a当代经济刑法研究丛书
606 0  @a经济@AJing Ji@x刑事犯罪@x案例@y中国
606 0  @a刑事犯罪@AXing Shi Fan Zui
606 0  @a案例@AAn Li
606 0  @a中国@AZhong Guo
690    @aD924.335@v5
701  0 @a郭伟清@AGuo Wei Qing@f(1966~)@4主编
701  0 @a杜文俊@ADu Wen Juan@f(1972~)@4主编
801  0 @aCN@bTANGWEI@20160802
905    @b0887175-9@dD924.335@e532@f5
    
    经济刑法实务精析/郭伟清,杜文俊主编.-上海:上海社会科学院出版社,2014.10
    10,315页;21cm.-(当代经济刑法研究丛书)
    
    
    ISBN 978-7-5520-0638-4:CNY28.00
    本书汇集39个案例,分为破坏社会主义市场经济秩序罪、侵犯财产罪、贪污贿赂罪。本书对书中案例里存在诸多争议的案件,从法理、构成要件和立法精神等视角具体深入剖析,对丰富经济刑法理论、方法以及指导司法实践具有一定借鉴作用。
●
相关链接 在E读中查询图书 在五车中查询图书 在当当中查询图书 在豆瓣中查询图书


正题名:经济刑法实务精析     索取号:D924.335/532         预约/预借

序号 登录号 条形码 馆藏地/架位号 状态 备注
1 0887175   208871755   第一样本阅览室/ [索取号:D924.335/532] 在馆    
2 0887176   208871764   第一借阅区/ [索取号:D924.335/532] 在馆    
3 0887177   208871773   第一借阅区/ [索取号:D924.335/532] 在馆    
4 0887178   208871782   密集书库-史法系/ [索取号:D924.335/532] 在馆    
5 0887179   208871791   第一借阅区/ [索取号:D924.335/532] 在馆    
唐山师范学院图书馆 欢迎您!
大连网信软件有限公司© 版权所有